| 000 | 00846nam a22002177a 4500 | ||
|---|---|---|---|
| 003 | OSt | ||
| 005 | 20250905102857.0 | ||
| 008 | 230915b ||||| |||| 00| 0 eng d | ||
| 040 | _c. | ||
| 082 | _aDPer 570 J826 February-November 2020 v. 54 n. 1-5 | ||
| 100 |
_aJamieson, Elias. _eauthor. _949094 |
||
| 245 |
_aCardiac physiology : _bcomparison of an e-learning and classroom-based resource for first-year medical students / _cElias Jamieson. |
||
| 260 |
_aUnited Kingdom ; _bTaylor & Francis Group , _cNovember 2020. |
||
| 300 |
_aVolume 54, pages 548-560 : _billustration ; _c25 cm. |
||
| 500 | _aJournal of Biological Education, vol. 54, no. 5, pages 548-560, November 2020. | ||
| 650 |
_aEducation. _949095 |
||
| 650 | 0 |
_aStudents. _919468 |
|
| 650 |
_aTeaching. _949096 |
||
| 700 |
_aJamieson, Elias. _eauthor. _949094 |
||
| 942 |
_2ddc _cPER |
||
| 999 |
_c18211 _d18211 |
||